[Event "FIDE World Youth U16 Chess Olympiad SLOVAKIA 2016"]
[Site "Poprad Tatry SLOVAKIA"]
[Date "2016.07.29"]
[Round "9"]
[Board "2"]
[White "Hakobyan, Aram"]
[Black "Ivic, Velimir"]
[Result "1-0"]
[WhiteElo "2382"]
[BlackElo "2315"]
[PlyCount "65"]
[EventDate "2016.07.22"]
[EventType "team"]
[EventRounds "9"]
[EventCountry "SVK"]
[WhiteTeam "Armenia"]
[BlackTeam "Serbia"]

1. Nf3 f5 2. d4 Nf6 3. c4 g6 4. g3 Bg7 5. Bg2 O-O 6. O-O d6 7. Nc3 Nc6 8. d5
Ne5 9. Nd2 g5 10. b3 a6 11. Nf3 Nxf3+ 12. exf3 f4 13. Bb2 e5 14. dxe6 Bxe6 15.
Re1 Qd7 16. Ne2 Rae8 17. Qd2 Bh3 18. Rad1 Bxg2 19. Kxg2 Qf7 20. Nd4 Nd7 21. g4
Bxd4 22. Qxd4 Ne5 23. c5 Re6 24. cxd6 cxd6 25. Re4 Rc8 26. h4 h6 27. Rh1 Rc2
28. hxg5 hxg5 29. Ba3 Qe7 30. Qd5 Kg7 31. Rxe5 Rxe5 32. Qd3 Ree2 33. Rh7+ 1-0

[Event "FIDE World Youth U16 Chess Olympiad SLOVAKIA 2016"]
[Site "Poprad Tatry SLOVAKIA"]
[Date "2016.07.29"]
[Round "9"]
[Board "3"]
[White "Injac, Teodora"]
[Black "Sargsyan, Shant"]
[Result "0-1"]
[WhiteElo "2215"]
[BlackElo "2431"]
[PlyCount "208"]
[EventDate "2016.07.22"]
[EventType "team"]
[EventRounds "9"]
[EventCountry "SVK"]
[WhiteTeam "Serbia"]
[BlackTeam "Armenia"]

1. Nf3 Nf6 2. c4 b6 3. d4 e6 4. a3 Ba6 5. e3 Be7 6. Bd3 d5 7. cxd5 Bxd3 8. Qxd3
exd5 9. Nc3 O-O 10. O-O Nbd7 11. Ne5 Qc8 12. Bd2 Qb7 13. f4 Rad8 14. Be1 Ne4
15. Nxe4 dxe4 16. Qb5 Nxe5 17. fxe5 c5 18. Bc3 Qd5 19. Rad1 Qe6 20. Qe2 Bg5 21.
Kh1 Rd5 22. Rde1 Rfd8 23. Qc2 Bxe3 24. Rxe3 cxd4 25. Rxe4 dxc3 26. Qxc3 h6 27.
Qf3 Rd3 28. Qh5 R8d4 29. Rxd4 Rxd4 30. Qf3 Rd5 31. h3 a5 32. Re1 Rxe5 33. Rxe5
Qxe5 34. Qa8+ Kh7 35. Qb7 Qe1+ 36. Kh2 Qe6 37. Qf3 g6 38. Qc3 Qd6+ 39. Kh1 h5
40. Qc4 Kg7 41. Qc3+ Qf6 42. Qd2 Qe5 43. Qf2 b5 44. Qd2 a4 45. Qb4 Qf5 46. Qd4+
Qf6 47. Qb4 Qf5 48. Qd4+ Kh7 49. h4 Qe6 50. Kh2 Kg8 51. Kh1 Qg4 52. Qf6 Qe4 53.
Kh2 Kf8 54. Kh1 Ke8 55. Kg1 Qd5 56. Qf4 Kd7 57. g3 Ke6 58. Qe3+ Qe5 59. Qb6+
Ke7 60. Qa7+ Kf8 61. Qf2 Kg7 62. Kh2 g5 63. hxg5 Qxg5 64. Qd4+ Qf6 65. Qd2 Qe5
66. Kh3 Kg6 67. Kg2 f6 68. Kh3 Qe4 69. Kh2 h4 70. Qd7 hxg3+ 71. Kxg3 Qe5+ 72.
Kg2 Qxb2+ 73. Kf1 Qb1+ 74. Ke2 Qe4+ 75. Kd2 Qf4+ 76. Kc3 Qe5+ 77. Kb4 Kg5 78.
Qg7+ Kf5 79. Qd7+ Ke4 80. Qg4+ Ke3 81. Qg1+ Kd2 82. Qf2+ Kc1 83. Qf1+ Kc2 84.
Qf2+ Kb1 85. Qf1+ Ka2 86. Ka5 Kxa3 87. Qd3+ Kb2 88. Qd2+ Kb3 89. Qd1+ Kc4 90.
Qf1+ Kc5 91. Qc1+ Kd6 92. Qd1+ Ke7 93. Qg4 a3 94. Qg7+ Ke6 95. Qg8+ Kf5 96.
Qc8+ Kg5 97. Qg8+ Kf4 98. Qg2 Qc3+ 99. Ka6 b4 100. Qf1+ Ke3 101. Qh3+ Kd2 102.
Qh6+ Kc2 103. Qh2+ Qd2 104. Qc7+ Kb2 0-1

[Event "FIDE World Youth U16 Chess Olympiad SLOVAKIA 2016"]
[Site "Poprad Tatry SLOVAKIA"]
[Date "2016.07.29"]
[Round "9"]
[Board "4"]
[White "Mirzoyan, David"]
[Black "Gajcin, Marina"]
[Result "1-0"]
[WhiteElo "2297"]
[BlackElo "2152"]
[PlyCount "81"]
[EventDate "2016.07.22"]
[EventType "team"]
[EventRounds "9"]
[EventCountry "SVK"]
[WhiteTeam "Armenia"]
[BlackTeam "Serbia"]

1. Nf3 Nf6 2. g3 g6 3. b3 Bg7 4. Bb2 O-O 5. c4 c6 6. Bg2 d5 7. O-O Bf5 8. d3 a5
9. Nc3 Na6 10. a3 Re8 11. Nh4 Bg4 12. h3 Be6 13. Qc2 b5 14. g4 Rc8 15. Nd1 Qb6
16. Rc1 Red8 17. c5 Qa7 18. e3 b4 19. a4 Nd7 20. Bxg7 Kxg7 21. d4 f6 22. f4 Bf7
23. Nf2 Qb8 24. Qd2 Nc7 25. Nd3 Rf8 26. Nf3 Rce8 27. h4 h6 28. Bh3 Qd8 29. Qf2
Rh8 30. Qg3 Reg8 31. Kf2 Kf8 32. g5 hxg5 33. fxg5 Rg7 34. gxf6 Nxf6 35. Ng5 Rh5
36. Ke1 Nce8 37. Ne5 Bg8 38. Bg4 Rh6 39. Be6 Nc7 40. Nxc6 Qe8 41. Qxc7 1-0

[Event "FIDE World Youth U16 Chess Olympiad SLOVAKIA 2016"]
[Site "Poprad Tatry SLOVAKIA"]
[Date "2016.07.29"]
[Round "9"]
[Board "2"]
[White "Urban, Konstantin"]
[Black "Nie, Xinyang"]
[Result "1-0"]
[WhiteElo "2329"]
[BlackElo "2314"]
[PlyCount "47"]
[EventDate "2016.07.22"]
[EventType "team"]
[EventRounds "9"]
[EventCountry "SVK"]
[WhiteTeam "Germany 1"]
[BlackTeam "China 1"]

1. e4 d5 2. exd5 Qxd5 3. Nc3 Qa5 4. d4 c6 5. Bc4 Bf5 6. Nf3 e6 7. Bd2 Qd8 8.
Qe2 Nf6 9. O-O-O Be7 10. Nh4 Bg6 11. Nxg6 hxg6 12. Bf4 Nd5 13. Bxd5 cxd5 14.
Nb5 Na6 15. h4 Qb6 16. Rh3 Rc8 17. a3 Rc4 18. Rb3 O-O 19. Kb1 Qa5 20. h5 g5 21.
h6 g6 22. Qe5 f6 23. Qxe6+ Rf7 24. h7+ 1-0

[Event "FIDE World Youth U16 Chess Olympiad SLOVAKIA 2016"]
[Site "Poprad Tatry SLOVAKIA"]
[Date "2016.07.29"]
[Round "9"]
[Board "3"]
[White "Chen, Qi B"]
[Black "Schroeder, Kevin"]
[Result "1-0"]
[WhiteElo "2210"]
[BlackElo "2350"]
[PlyCount "121"]
[EventDate "2016.07.22"]
[EventType "team"]
[EventRounds "9"]
[EventCountry "SVK"]
[WhiteTeam "China 1"]
[BlackTeam "Germany 1"]

1. e4 e5 2. Nf3 Nf6 3. Nxe5 Nxe4 4. Qe2 Qe7 5. Qxe4 d6 6. d4 dxe5 7. dxe5 Nc6
8. Nc3 Qxe5 9. Qxe5+ Nxe5 10. Bf4 f6 11. Bxe5 fxe5 12. O-O-O c6 13. Ne4 Be6 14.
a3 Be7 15. Bd3 O-O-O 16. Rhe1 Rd4 17. Nd2 Bf6 18. Nf3 Rf4 19. Be4 Bg4 20. Rd3
Rd8 21. Rxd8+ Kxd8 22. Kd2 g6 23. h3 Bf5 24. Kd3 Kc7 25. Re2 Bxe4+ 26. Rxe4 Kd6
27. b3 b5 28. Re1 a5 29. Ke3 Kd5 30. Rd1+ Ke6 31. g3 Rf5 32. Ke4 Be7 33. a4 Bc5
34. axb5 cxb5 35. Rd5 Bxf2 36. Rxb5 Bxg3 37. Rxa5 Rf4+ 38. Ke3 Rb4 39. Ra4 Bf4+
40. Ke2 Rb6 41. Rc4 g5 42. Rc7 h5 43. Rh7 g4 44. Ne1 g3 45. Rxh5 Rc6 46. Kf1
Kd5 47. Rh4 Ke4 48. Rg4 Rd6 49. Nd3 Kf3 50. Ne1+ Ke3 51. Nd3 Ra6 52. Rg8 Ra1+
53. Kg2 Rd1 54. Nxf4 exf4 55. Re8+ Kd2 56. Re4 Kxc2 57. Rxf4 Kxb3 58. h4 Kc3
59. h5 Kd3 60. h6 Ke3 61. Rh4 1-0

[Event "FIDE World Youth U16 Chess Olympiad SLOVAKIA 2016"]
[Site "Poprad Tatry SLOVAKIA"]
[Date "2016.07.29"]
[Round "9"]
[Board "4"]
[White "Buckels, Valentin"]
[Black "Wang, Shiwu"]
[Result "1/2-1/2"]
[WhiteElo "2332"]
[BlackElo "2013"]
[PlyCount "177"]
[EventDate "2016.07.22"]
[EventType "team"]
[EventRounds "9"]
[EventCountry "SVK"]
[WhiteTeam "Germany 1"]
[BlackTeam "China 1"]

1. d4 d5 2. c4 c6 3. e3 Nf6 4. Nf3 Bg4 5. Nc3 e6 6. Qb3 Qb6 7. Nh4 Be7 8. h3
Bh5 9. g4 Bg6 10. Nxg6 hxg6 11. Bg2 Na6 12. Bd2 g5 13. O-O-O O-O-O 14. Kb1 Qxb3
15. axb3 Nc7 16. Bc1 b5 17. f3 bxc4 18. bxc4 c5 19. cxd5 Nfxd5 20. Ne2 Nb4 21.
Bd2 Nb5 22. Rc1 Kb8 23. Bxb4 cxb4 24. Ng3 Rc8 25. Ne4 a5 26. Rhd1 Rxc1+ 27.
Rxc1 Rc8 28. Bf1 Rxc1+ 29. Kxc1 Nc7 30. b3 Nd5 31. Kd2 Kc7 32. Bb5 f6 33. Kd3
Bd6 34. Be8 Nb6 35. Nd2 e5 36. Nc4 exd4 37. exd4 Nd5 38. Nxa5 Nf4+ 39. Kc4 Nxh3
40. Bf7 Nf4 41. Bd5 Ng2 42. Be4 Ne3+ 43. Kb5 Nd1 44. Kc4 Nc3 45. Kd3 Bf4 46.
Nc4 Nb5 47. Ne3 Bxe3 48. Kxe3 Kd6 49. Kd3 Na3 50. Ke3 Nb5 51. Bg6 Kd5 52. Bf7+
Kd6 53. Kd3 Na3 54. Bg8 Kc6 55. Ke4 Kd6 56. Bc4 Nb1 57. Ke3 Nc3 58. Kd3 Nd5 59.
Ke4 Nc3+ 60. Kf5 Nb1 61. Kg6 Nd2 62. Bg8 Nxf3 63. Kxg7 Nxd4 64. Kxf6 Nf3 65.
Kf5 Kc5 66. Ke4 Nh2 67. Be6 Kd6 68. Bf5 Nf1 69. Kd4 Nd2 70. Bc2 Nf1 71. Bd1 Ke6
72. Be2 Nd2 73. Ke3 Nb1 74. Bd3 Nc3 75. Kd4 Kf6 76. Kc4 Na2 77. Kd4 Nc3 78. Bf5
Na2 79. Kd5 Nc3+ 80. Kd6 Na2 81. Bc8 Nc1 82. Be6 Na2 83. Bc4 Nc3 84. Kc5 Na2
85. Kd4 Nc3 86. Bd3 Na2 87. Kd5 Nc3+ 88. Kd6 Na2 89. Bf5 1/2-1/2

[Event "FIDE World Youth U16 Chess Olympiad SLOVAKIA 2016"]
[Site "Poprad Tatry SLOVAKIA"]
[Date "2016.07.29"]
[Round "9"]
[Board "1"]
[White "Makhnyov, Denis"]
[Black "Mammadzada, Gunay"]
[Result "1/2-1/2"]
[WhiteElo "2351"]
[BlackElo "2353"]
[PlyCount "61"]
[EventDate "2016.07.22"]
[EventType "team"]
[EventRounds "9"]
[EventCountry "SVK"]
[WhiteTeam "Kazakhstan"]
[BlackTeam "Azerbaijan"]

1. Nf3 d5 2. d4 Nf6 3. c4 c6 4. e3 Bf5 5. Nc3 e6 6. Qb3 Qc7 7. Nh4 Be4 8. f3
Bg6 9. Bd2 Be7 10. Nxg6 hxg6 11. g3 a6 12. Rc1 dxc4 13. Bxc4 b5 14. Bd3 c5 15.
dxc5 Nbd7 16. Ne4 Nxe4 17. Bxe4 Rd8 18. Qc3 Rxh2 19. Rxh2 Qxg3+ 20. Rf2 Bh4 21.
c6 Qg1+ 22. Ke2 Qxf2+ 23. Kd1 Nb6 24. c7 Rd6 25. c8=Q+ Nxc8 26. Qxc8+ Bd8 27.
Qc3 f5 28. Bb7 b4 29. Qxb4 Qf1+ 30. Kc2 Qd3+ 31. Kd1 1/2-1/2

[Event "FIDE World Youth U16 Chess Olympiad SLOVAKIA 2016"]
[Site "Poprad Tatry SLOVAKIA"]
[Date "2016.07.29"]
[Round "9"]
[Board "2"]
[White "Asadli, Vugar"]
[Black "Turar, Dastan"]
[Result "1-0"]
[WhiteElo "2411"]
[BlackElo "2266"]
[PlyCount "65"]
[EventDate "2016.07.22"]
[EventType "team"]
[EventRounds "9"]
[EventCountry "SVK"]
[WhiteTeam "Azerbaijan"]
[BlackTeam "Kazakhstan"]

1. e4 e6 2. d4 d5 3. Nd2 Be7 4. Bd3 c5 5. dxc5 Nf6 6. Qe2 a5 7. Ngf3 O-O 8. c3
Na6 9. e5 Nd7 10. h4 h6 11. Nb3 Naxc5 12. Nxc5 Nxc5 13. Bc2 b5 14. Nd4 f5 15.
g4 Bxh4 16. gxf5 exf5 17. Qh5 Bg5 18. f4 Be7 19. Be3 b4 20. O-O-O bxc3 21. Rdg1
Qb6 22. b3 a4 23. b4 Nb3+ 24. axb3 a3 25. Kb1 a2+ 26. Ka1 Bxb4 27. e6 Rf6 28.
Nxf5 Qxe6 29. Nxg7 Qxe3 30. Ne6+ Qxg1+ 31. Rxg1+ Kh8 32. Qe8+ Bf8 33. Nxf8 1-0

[Event "FIDE World Youth U16 Chess Olympiad SLOVAKIA 2016"]
[Site "Poprad Tatry SLOVAKIA"]
[Date "2016.07.29"]
[Round "9"]
[Board "3"]
[White "Agmanov, Zhandos"]
[Black "Gadimbayli, Abdulla"]
[Result "1-0"]
[WhiteElo "2310"]
[BlackElo "2316"]
[PlyCount "141"]
[EventDate "2016.07.22"]
[EventType "team"]
[EventRounds "9"]
[EventCountry "SVK"]
[WhiteTeam "Kazakhstan"]
[BlackTeam "Azerbaijan"]

1. e4 e6 2. d4 d5 3. Nd2 c5 4. exd5 Qxd5 5. Ngf3 cxd4 6. Bc4 Qd6 7. O-O Nf6 8.
Nb3 Nc6 9. Nbxd4 Nxd4 10. Nxd4 a6 11. Re1 Qc7 12. Bb3 Bd6 13. Nf5 Bxh2+ 14. Kh1
O-O 15. Nxg7 Bf4 16. Nh5 Nxh5 17. Qxh5 Bxc1 18. Raxc1 Kh8 19. Rcd1 Qe7 20. Re3
Bd7 21. Qe5+ f6 22. Qc7 Rf7 23. Qxb7 Rg8 24. Qc7 Qe8 25. Rg3 Rfg7 26. c3 Rxg3
27. fxg3 Bc6 28. Kg1 Bd5 29. Bxd5 exd5 30. Qf4 Qe6 31. Rf1 Rg6 32. Qf2 Qd6 33.
Rd1 Rxg3 34. c4 Rg5 35. Rxd5 Rxd5 36. cxd5 Qxd5 37. Qxf6+ Kg8 38. a3 a5 39. Kh2
Qh5+ 40. Kg3 Qd5 41. Qc3 Qd6+ 42. Kf2 Qd5 43. b4 axb4 44. axb4 h6 45. Qg3+ Kh8
46. Qf4 Kg7 47. Kg3 Kg6 48. Kh2 Qh5+ 49. Kg3 Qd5 50. Qg4+ Kh7 51. Kh2 Qe5+ 52.
g3 Qd5 53. Qe2 Kg6 54. b5 Qc5 55. Qg4+ Kf6 56. Qf4+ Kg6 57. Qe4+ Kg5 58. Qe2
Kg6 59. Kh3 Kg5 60. Qd2+ Kg6 61. Qd3+ Kf6 62. g4 Qb4 63. Qf5+ Kg7 64. Qe5+ Kg6
65. Kg3 Qc4 66. Qd6+ Kg5 67. Qe7+ Kg6 68. Qe8+ Kg5 69. Qh5+ Kf6 70. Qxh6+ Kf7
71. Qf4+ 1-0

[Event "FIDE World Youth U16 Chess Olympiad SLOVAKIA 2016"]
[Site "Poprad Tatry SLOVAKIA"]
[Date "2016.07.29"]
[Round "9"]
[Board "4"]
[White "Muradli, Mahammad"]
[Black "Suleymenov, Alisher"]
[Result "1/2-1/2"]
[WhiteElo "2325"]
[BlackElo "2259"]
[PlyCount "98"]
[EventDate "2016.07.22"]
[EventType "team"]
[EventRounds "9"]
[EventCountry "SVK"]
[WhiteTeam "Azerbaijan"]
[BlackTeam "Kazakhstan"]

1. d4 Nf6 2. Nf3 b6 3. g3 Bb7 4. Bg2 g6 5. c4 Bg7 6. O-O O-O 7. Nc3 Ne4 8. Bd2
e6 9. Qc2 d5 10. cxd5 exd5 11. Rfd1 Nxc3 12. Bxc3 Nd7 13. Rac1 a5 14. e3 Qe7
15. Ne1 Rfc8 16. Nd3 c6 17. Re1 Nf6 18. b3 Rc7 19. Nb2 Bc8 20. Na4 Rb8 21. f3
h5 22. e4 h4 23. Qf2 hxg3 24. hxg3 dxe4 25. fxe4 Ng4 26. Qb2 Qg5 27. d5 Bf8 28.
Bd2 Qh5 29. Bf4 Bg7 30. Qd2 Qh2+ 31. Kf1 Ba6+ 32. Re2 Ne5 33. Nb2 Bxe2+ 34.
Qxe2 Rbc8 35. Nc4 cxd5 36. exd5 b5 37. Bxe5 Bxe5 38. Qxe5 bxc4 39. d6 Rd7 40.
Rxc4 Rxc4 41. bxc4 Rd8 42. Qe7 Rb8 43. Bb7 Qh3+ 44. Kf2 Qf5+ 45. Kg2 Qc2+ 46.
Kh3 Qf5+ 47. Kg2 Qc2+ 48. Kh3 Qf5+ 49. Kg2 Qc2+ 1/2-1/2

[Event "FIDE World Youth U16 Chess Olympiad SLOVAKIA 2016"]
[Site "Poprad Tatry SLOVAKIA"]
[Date "2016.07.29"]
[Round "9"]
[Board "1"]
[White "Havasi, Gergo"]
[Black "Tsolakidou, Stavroula"]
[Result "1-0"]
[WhiteElo "2372"]
[BlackElo "2364"]
[PlyCount "79"]
[EventDate "2016.07.22"]
[EventType "team"]
[EventRounds "9"]
[EventCountry "SVK"]
[WhiteTeam "Hungary 1"]
[BlackTeam "Greece"]

1. e4 c5 2. Nf3 d6 3. d4 cxd4 4. Nxd4 Nf6 5. Nc3 a6 6. h3 Nc6 7. g4 Qb6 8. Nb3
e6 9. Be3 Qc7 10. g5 Nd7 11. f4 b5 12. Qd2 Be7 13. O-O-O O-O 14. Kb1 Nb6 15.
Qf2 Rb8 16. f5 Rd8 17. Rg1 Ne5 18. h4 Nbc4 19. Bd4 b4 20. Ne2 a5 21. f6 Bf8 22.
fxg7 Bxg7 23. Nf4 a4 24. Bxc4 Qxc4 25. Nd2 Qc7 26. Nh5 b3 27. axb3 axb3 28.
Nxb3 Ba6 29. Nxg7 Kxg7 30. Qf6+ Kf8 31. Rg3 Rdc8 32. Rc3 Qb7 33. Rxc8+ Qxc8 34.
Bxe5 dxe5 35. Qxe5 Kg8 36. h5 Bc4 37. h6 Kf8 38. Nc5 Ra8 39. Nd7+ Ke7 40. Qd6+
 1-0

[Event "FIDE World Youth U16 Chess Olympiad SLOVAKIA 2016"]
[Site "Poprad Tatry SLOVAKIA"]
[Date "2016.07.29"]
[Round "9"]
[Board "2"]
[White "Giannoulakis, Lampros"]
[Black "Kozak, Adam"]
[Result "0-1"]
[WhiteElo "2214"]
[BlackElo "2364"]
[PlyCount "114"]
[EventDate "2016.07.22"]
[EventType "team"]
[EventRounds "9"]
[EventCountry "SVK"]
[WhiteTeam "Greece"]
[BlackTeam "Hungary 1"]

1. d4 Nf6 2. c4 e6 3. Nc3 Bb4 4. g3 d5 5. Bg2 O-O 6. a3 Bxc3+ 7. bxc3 Nbd7 8.
Nf3 dxc4 9. O-O b5 10. Ne5 Nd5 11. Nc6 Qe8 12. a4 N7b6 13. axb5 Nxc3 14. Qd2
Nxb5 15. Qb4 Nd6 16. Rxa7 Rxa7 17. Nxa7 Bb7 18. Bxb7 Nxb7 19. Ba3 Nd6 20. Qc5
Qd7 21. Nb5 Qxb5 22. Qxc7 Ne8 23. Qe7 Nd7 24. Qd8 Nef6 25. Bxf8 Nxf8 26. Rc1
Qd5 27. Qc8 Qxd4 28. Qxc4 Qe5 29. Qd3 g5 30. Rc8 Kg7 31. Qc3 Qd6 32. Qc5 Qd1+
33. Kg2 Ng6 34. Qxg5 Qxe2 35. Qe3 Qxe3 36. fxe3 Nd5 37. Kf2 Ne5 38. h3 Nf6 39.
Ra8 Ne4+ 40. Kg2 h5 41. Ra4 f5 42. Ra8 Nc4 43. Ra4 Nxe3+ 44. Kf3 Nf1 45. Kf4
Nfxg3 46. Ke5 Nc5 47. Ra7+ Kg6 48. h4 Nge4 49. Ra8 Nf6 50. Kd6 Nfd7 51. Rg8+
Kf6 52. Rh8 f4 53. Rh6+ Kf7 54. Rh8 f3 55. Ra8 f2 56. Ra1 Nd3 57. Rf1 Nf6 0-1

[Event "FIDE World Youth U16 Chess Olympiad SLOVAKIA 2016"]
[Site "Poprad Tatry SLOVAKIA"]
[Date "2016.07.29"]
[Round "9"]
[Board "3"]
[White "Marjanovics, Annamaria"]
[Black "Alexiadis, Hristos"]
[Result "1/2-1/2"]
[WhiteElo "2366"]
[BlackElo "2254"]
[PlyCount "71"]
[EventDate "2016.07.22"]
[EventType "team"]
[EventRounds "9"]
[EventCountry "SVK"]
[WhiteTeam "Hungary 1"]
[BlackTeam "Greece"]

1. d4 Nf6 2. c4 e6 3. Nc3 Bb4 4. e3 O-O 5. Nge2 c6 6. a3 Ba5 7. Bd2 d5 8. Ng3
Nbd7 9. cxd5 exd5 10. Bd3 Re8 11. O-O Bc7 12. Re1 Nf8 13. f4 N8d7 14. Qf3 c5
15. Nxd5 Nxd5 16. Qxd5 cxd4 17. Bc4 Rf8 18. Qxd4 Bb6 19. Qd3 Qh4 20. Nf5 Qxf4
21. Rf1 Qg5 22. Qd5 Nc5 23. Qe5 Kh8 24. h4 Qg4 25. Nh6 Qxc4 26. Nxf7+ Kg8 27.
Bc3 Qxf7 28. Rxf7 Rxf7 29. Rf1 Rxf1+ 30. Kxf1 Ne6 31. Qd6 Bc5 32. Qd3 a5 33.
Qb5 Kf7 34. Qd3 Kg8 35. Qb5 Kf7 36. Qd3 1/2-1/2

[Event "FIDE World Youth U16 Chess Olympiad SLOVAKIA 2016"]
[Site "Poprad Tatry SLOVAKIA"]
[Date "2016.07.29"]
[Round "9"]
[Board "4"]
[White "Ioannidis, Evgenios"]
[Black "Czupor, Attila"]
[Result "1-0"]
[WhiteElo "2282"]
[BlackElo "2275"]
[PlyCount "87"]
[EventDate "2016.07.22"]
[EventType "team"]
[EventRounds "9"]
[EventCountry "SVK"]
[WhiteTeam "Greece"]
[BlackTeam "Hungary 1"]

1. e4 e5 2. Nf3 Nc6 3. Bb5 a6 4. Ba4 Nge7 5. Nc3 d6 6. a3 Bd7 7. Bb3 h6 8. h3
g6 9. d4 exd4 10. Nxd4 Bg7 11. Be3 O-O 12. Qd2 Nxd4 13. Bxd4 Be6 14. Bxe6 fxe6
15. Be3 Kh7 16. O-O-O b5 17. f4 Qe8 18. Qd3 Rb8 19. Ne2 b4 20. Bd4 Bxd4 21.
Nxd4 Qf7 22. Rhf1 c5 23. Ne2 d5 24. exd5 Nxd5 25. a4 c4 26. Qe4 b3 27. c3 Qe8
28. Rd4 Nf6 29. Qe5 Qxa4 30. Kd2 Qc6 31. g4 Rb5 32. Qe3 Nd5 33. Qe4 Rc5 34. Ra1
Rf6 35. Qe5 Rf8 36. Qe4 Rf6 37. Qe5 Rf8 38. Qe4 Rf6 39. h4 Kg7 40. g5 Rf5 41.
Ng3 Rf7 42. Qe5+ Kh7 43. Ne4 Nxf4 44. Qxc5 1-0

[Event "FIDE World Youth U16 Chess Olympiad SLOVAKIA 2016"]
[Site "Poprad Tatry SLOVAKIA"]
[Date "2016.07.29"]
[Round "9"]
[Board "1"]
[White "Raghunandan, Kaumandur Srihari"]
[Black "Chen, Richard"]
[Result "1-0"]
[WhiteElo "2403"]
[BlackElo "2259"]
[PlyCount "63"]
[EventDate "2016.07.22"]
[EventType "team"]
[EventRounds "9"]
[EventCountry "SVK"]
[WhiteTeam "India"]
[BlackTeam "Canada"]

1. d4 e6 2. c4 Bb4+ 3. Bd2 a5 4. Nc3 f5 5. e4 Bxc3 6. Bxc3 fxe4 7. Qg4 Qe7 8.
Qxe4 Nf6 9. Qh4 Nc6 10. Bd3 b6 11. Bg6+ Kd8 12. Nf3 Qf8 13. Be4 d5 14. Ne5 Ne7
15. Bf3 Bb7 16. O-O Nf5 17. Qg5 Rg8 18. cxd5 h6 19. dxe6 hxg5 20. Bxb7 g6 21.
Bxa8 Ke7 22. Bc6 Qh6 23. d5 Ne4 24. Nf7 Qh5 25. Be5 Ned6 26. Rac1 Rb8 27. Rfe1
Qh4 28. Rc3 Ne4 29. Rxe4 Qxe4 30. d6+ cxd6 31. Bxe4 dxe5 32. Nxe5 1-0

[Event "FIDE World Youth U16 Chess Olympiad SLOVAKIA 2016"]
[Site "Poprad Tatry SLOVAKIA"]
[Date "2016.07.29"]
[Round "9"]
[Board "2"]
[White "Bellissimo, Joseph F."]
[Black "Iniyan, P"]
[Result "1-0"]
[WhiteElo "2100"]
[BlackElo "2346"]
[PlyCount "73"]
[EventDate "2016.07.22"]
[EventType "team"]
[EventRounds "9"]
[EventCountry "SVK"]
[WhiteTeam "Canada"]
[BlackTeam "India"]

1. e4 c5 2. Nf3 d6 3. Bb5+ Nd7 4. d4 a6 5. Bxd7+ Bxd7 6. c4 cxd4 7. Qxd4 Nf6 8.
Bg5 e6 9. Nc3 Be7 10. Bxf6 gxf6 11. O-O Rc8 12. a4 Qa5 13. b3 Rg8 14. Qd3 Qh5
15. Ne2 Qg4 16. Ng3 h5 17. h4 Bc6 18. Rfe1 Bd8 19. a5 Be7 20. b4 e5 21. b5 Bd7
22. Red1 Be6 23. Rac1 Ra8 24. Rb1 f5 25. bxa6 bxa6 26. Rb7 Rd8 27. exf5 Bxc4
28. Qe3 Kf8 29. Rxe7 Kxe7 30. Rd4 Qg7 31. Rxc4 Rd7 32. Rc6 Qg4 33. f6+ Ke8 34.
Nxe5 Qe6 35. Nxd7 Qxe3 36. fxe3 Kxd7 37. Nf5 1-0

[Event "FIDE World Youth U16 Chess Olympiad SLOVAKIA 2016"]
[Site "Poprad Tatry SLOVAKIA"]
[Date "2016.07.29"]
[Round "9"]
[Board "3"]
[White "Nitish, Belurkar"]
[Black "Song, Ziyuan (sam)"]
[Result "1-0"]
[WhiteElo "2275"]
[BlackElo "2049"]
[PlyCount "99"]
[EventDate "2016.07.22"]
[EventType "team"]
[EventRounds "9"]
[EventCountry "SVK"]
[WhiteTeam "India"]
[BlackTeam "Canada"]

1. e4 c5 2. c3 d5 3. exd5 Qxd5 4. d4 Nf6 5. Nf3 Bg4 6. Be2 e6 7. h3 Bh5 8. Be3
cxd4 9. cxd4 Bb4+ 10. Nc3 Qd6 11. O-O Nc6 12. Nb5 Qb8 13. a3 Ba5 14. Ne5 Bxe2
15. Qxe2 O-O 16. b4 Bb6 17. Nc4 Nd5 18. Qf3 Bd8 19. Rac1 Bf6 20. Rfd1 Rd8 21.
Qe4 a6 22. Nc3 b5 23. Nb2 Qb6 24. Ne2 a5 25. Nd3 axb4 26. axb4 Ra4 27. Nc5 Rxb4
28. Nxe6 Rd6 29. Ng5 Kf8 30. Nxh7+ Kg8 31. Nxf6+ Nxf6 32. Qd3 Qd8 33. Bd2 Rc4
34. Bf4 Rxc1 35. Rxc1 Re6 36. Be3 Nd5 37. Qxb5 Nxe3 38. fxe3 Ne7 39. Qg5 Qb6
40. Rc5 f6 41. Qg3 Qb1+ 42. Kf2 Kf7 43. Nf4 Rb6 44. Qf3 Rb2+ 45. Kg3 Rb3 46.
Kh2 Ra3 47. Rc7 Qb4 48. Qd5+ Ke8 49. Qd7+ Kf8 50. Qxe7+ 1-0

[Event "FIDE World Youth U16 Chess Olympiad SLOVAKIA 2016"]
[Site "Poprad Tatry SLOVAKIA"]
[Date "2016.07.29"]
[Round "9"]
[Board "4"]
[White "Talukdar, Rohan"]
[Black "Mitrabha, Guha"]
[Result "0-1"]
[WhiteElo "2051"]
[BlackElo "2227"]
[PlyCount "94"]
[EventDate "2016.07.22"]
[EventType "team"]
[EventRounds "9"]
[EventCountry "SVK"]
[WhiteTeam "Canada"]
[BlackTeam "India"]

1. e4 c6 2. d4 d5 3. exd5 cxd5 4. Bd3 Nf6 5. c3 Nc6 6. Bf4 Bg4 7. Qb3 Qc8 8.
Nd2 e6 9. Ngf3 Be7 10. O-O a6 11. a4 Bh5 12. Qc2 Bg6 13. Bxg6 hxg6 14. Qd3 O-O
15. b4 b6 16. Bg3 Qb7 17. Rae1 Rfc8 18. Re2 Nd7 19. Nb3 Bf6 20. Rfe1 Ne7 21.
Rc2 Qc6 22. a5 Nf5 23. Bf4 Qc4 24. Qxc4 dxc4 25. Nbd2 bxa5 26. bxa5 Bd8 27. Ra2
Nf6 28. Be5 Nd5 29. Ne4 f6 30. Bg3 Be7 31. Rc2 Rc6 32. Rb1 Bd8 33. Ra1 Nxg3 34.
hxg3 Rb8 35. Nc5 Rb5 36. Ra4 Bxa5 37. Rxc4 Nb6 38. Nd2 Nxc4 39. Nxc4 Bb6 40.
Nxb6 Rbxb6 41. Kf1 e5 42. Ke2 exd4 43. cxd4 Rb4 44. Ke3 Rd6 45. Rd2 a5 46. d5
f5 47. Ne6 Re4+ 0-1

[Event "FIDE World Youth U16 Chess Olympiad SLOVAKIA 2016"]
[Site "Poprad Tatry SLOVAKIA"]
[Date "2016.07.29"]
[Round "9"]
[Board "1"]
[White "Gorcsi, Gabor"]
[Black "Bjerre, Jonas"]
[Result "1/2-1/2"]
[WhiteElo "2263"]
[BlackElo "2396"]
[PlyCount "93"]
[EventDate "2016.07.22"]
[EventType "team"]
[EventRounds "9"]
[EventCountry "SVK"]
[WhiteTeam "Hungary 2"]
[BlackTeam "Denmark"]

1. e4 c5 2. Nf3 e6 3. d4 cxd4 4. Nxd4 Nc6 5. Nc3 Qc7 6. Be3 a6 7. Qd2 Nf6 8. f3
Nxd4 9. Qxd4 e5 10. Qb6 Qxb6 11. Bxb6 d6 12. O-O-O Be6 13. Nd5 Nxd5 14. exd5
Bf5 15. Bd3 Bg6 16. Rhe1 Be7 17. c4 Rc8 18. b3 f5 19. Kb1 O-O 20. c5 Rf6 21. c6
f4 22. c7 Bxd3+ 23. Rxd3 Kf7 24. a4 Ke8 25. b4 Kd7 26. Rc3 Rff8 27. b5 axb5 28.
axb5 Ra8 29. Re4 Rfc8 30. Kb2 Bf6 31. Ra3 Rxa3 32. Kxa3 Ra8+ 33. Ra4 Rxa4+ 34.
Kxa4 Bh4 35. Ba5 Bf2 36. b6 Bh4 37. Kb3 Bf2 38. Kc2 h5 39. Kd3 g6 40. Ke2 Bc5
41. g3 fxg3 42. hxg3 g5 43. Kf1 g4 44. fxg4 hxg4 45. Ke2 e4 46. Kf1 Kc8 47. Ke2
 1/2-1/2

[Event "FIDE World Youth U16 Chess Olympiad SLOVAKIA 2016"]
[Site "Poprad Tatry SLOVAKIA"]
[Date "2016.07.29"]
[Round "9"]
[Board "2"]
[White "Olsen, Filip Boe"]
[Black "Bohus, Adam"]
[Result "1-0"]
[WhiteElo "2263"]
[BlackElo "2200"]
[PlyCount "67"]
[EventDate "2016.07.22"]
[EventType "team"]
[EventRounds "9"]
[EventCountry "SVK"]
[WhiteTeam "Denmark"]
[BlackTeam "Hungary 2"]

1. d4 d5 2. c4 dxc4 3. e4 e5 4. Nf3 exd4 5. Bxc4 Nc6 6. O-O Be6 7. Bb5 Bc5 8.
b4 Bb6 9. a4 a5 10. bxa5 Rxa5 11. Nbd2 Nge7 12. Ng5 O-O 13. Nxe6 fxe6 14. Qb3
Rf6 15. Nc4 Ra8 16. e5 Rg6 17. Nxb6 cxb6 18. Bd3 Qd5 19. Qxd5 Nxd5 20. Bxg6
hxg6 21. Bb2 Ndb4 22. Rfd1 Kh7 23. Rd2 Ra5 24. Bxd4 b5 25. axb5 Rxb5 26. Rb1
Rd5 27. Bc3 Nd3 28. Rxb7 Ncxe5 29. h3 Rc5 30. Bd4 Rc1+ 31. Kh2 g5 32. Rxg7+
Kxg7 33. Rxd3 Rc5 34. Re3 1-0